Magnesium matrix composites as interesting HIDAMETS

Bibliographic Details
Main Authors: Schaller, R. (Author), Mari, D. (Author), Chowdhury, F. (Author)
Format: Article
Language:Slovak
English

MARC

LEADER 00000nab a22000007a 4500
001 vtls010671188
003 SK-MaSNL
005 20260304184542.0
008 250708s2011 xo |||||||||||||||||slo|
035 |a (urnnbn)urn:nbn:sk:snk:ar-002po5 
035 |a (uuid)ba3095a1-b394-45c3-abed-95a562d8c11e 
035 |a urn:nbn:sk:snk-ab1ao6 
040 |a SNKBUCL  |b slo  |c SNKBUCL  |e AACR2 
041 0 |a eng 
044 |a xo  |c SK 
100 1 |a Schaller, R.  |4 aut  |9 1518118 
245 1 0 |a Magnesium matrix composites as interesting HIDAMETS  |c R. Schaller 
700 1 |a Mari, D.  |4 aut  |9 1518119 
700 1 |a Chowdhury, F.  |4 aut  |9 1518120 
773 0 |t Kovové materiály  |g Roč. 49, č. 3 (2011), s. 189-195 
850 |a Slovenská národná knižnica 
852 |a Slovenská národná knižnica 
958 |a article 
958 |a OND 
958 |a EUIPO 
999 |c 3038721  |d 3040651